Compositions de PSG - Inter (2025) - Statistiques

Statistiques générales
  • Ce quiz a été pris 200 fois
  • Le résultat moyen est 22 sur 32
Statistiques - réponses
Poste Joueur % Correct
BU Dembélé
99%
G Donnarumma
99%
DD Hakimi
98%
AD Doué
97%
MDC Vitinha
97%
AG Kvaratskhelia
96%
DC Marquinhos
96%
DG Mendes
96%
DC Pacho
96%
MC Neves
94%
MC Ruiz
94%
REMP Mayulu
91%
REMP Barcola
89%
G Sommer
89%
BU Martinez
85%
BU Thuram
84%
MC Barella
76%
DC Bastoni
71%
MG Dimarco
68%
REMP Hernandez
68%
MD Dumfries
67%
DC Acerbi
66%
REMP Ramos
66%
REMP Zaire Emery
63%
MC Calhanoglu
51%
DC Pavard
47%
MC Mkhitaryan
31%
REMP Bisseck
27%
REMP Augusto
16%
REMP Darmian
16%
REMP Asllani
6%
REMP Zalewski
6%
Aucun quiz correspondant
Distribution des résultats
% des personnes avec chaque résultat
Percentile par nombre de réponses
Votre historique - résultats
Vous n’avez pas pris ce quiz